Entry Nombre personal
001 - NÚMERO DE CONTROL
- campo de control: 233827
003 - IDENTIFICADOR DE NÚMERO DE CONTROL
- campo de control: SpMaBN
005 - FECHA Y HORA DE LA ÚLTIMA TRANSACCIÓN
- campo de control: 20250727152819.0
008 - ELEMENTOS DE DATO DE LONGITUD-FIJA
- campo de control de longitud fija: 060210n| aijnnaabn |a aaa
016 ## - NÚMERO DE CONTROL DE UNA AGENCIA BIBLIOGRÁFICA NACIONAL
- Número de control del registro: BNE20060341266
024 7# - IDENTIFICADOR DE OTROS ESTÁNDARES
- Número estándar o código: https://isni.org/isni/0000000076890514
- Fuente: isni
024 7# - IDENTIFICADOR DE OTROS ESTÁNDARES
- Número estándar o código: http://viaf.org/viaf/9614249/
- Fuente: viaf
040 ## - FUENTE DE CATALOGACIÓN
- Centro catalogador/agencia de origen: SpMaBN
- Lengua de catalogación: spa
- Centro/agencia transcriptor: SpMaBN
- Normas de descripción: rdc
- Convención/Normas de encabezamiento de materia/tesauro: embne
046 ## - FECHAS CON CODIFICACIÓN ESPECIAL
- Fecha de nacimiento: 1970
100 1# - ENCABEZAMIENTO-NOMBRE DE PERSONA
- Nombre de persona: Molleja López, Eva María,
- Fechas asociadas al nombre: 1970-
375 ## - GÉNERO/SEXO
- Género: Femenino
377 ## - IDIOMA ASOCIADO
- Código del idioma: spa
- Término de lengua/lenguaje: Español
400 1# - TRAZADO DE VÉASE--NOMBRE DE PERSONA
- Nombre de persona: Molleja López, Eva,
- Fechas asociadas al nombre: 1970-
670 ## - FUENTE DE DATOS ENCONTRADOS
- Cita de la fuente: Corpus Barga, 2005
- Información encontrada: v. port. (Eva María Molleja López)
670 ## - FUENTE DE DATOS ENCONTRADOS
- Cita de la fuente: Información de la autora, 10-2-2006
- Información encontrada: (Eva Molleja López; n. 11-7-1970, Madrid; bibliotecaria)
